Dlhodobý hmotný a nehmotný majetok v účtovníctve vybraných subjektov verejnej správy dizertačná práca

Salvato in:
Dettagli Bibliografici
Autore principale: Krišková, Zuzana
Ente Autore: Fakulta hospodárskej informatiky EU. Katedra účtovníctva a audítorstva
Altri autori: Kovalčíková, Antónia
Natura: Libro
Lingua:slovacco
Pubblicazione: Bratislava 2011
Soggetti:
Tags: Aggiungi Tag
Nessun Tag, puoi essere il primo ad aggiungerne!!

MARC

LEADER 00000nam a2200000 4500
001 0136463
005 20240502072528.8
041 0 |a slo 
044 |a SK 
245 1 0 |a Dlhodobý hmotný a nehmotný majetok v účtovníctve vybraných subjektov verejnej správy  |b dizertačná práca  |c Zuzana Krišková ; školiteľ: Antónia Kovalčíková 
264 1 |a Bratislava  |c 2011 
300 |a 118 s. 
610 2 0 |a účtovníctvo 
610 2 0 |a majetok dlhodobý 
610 2 0 |a majetok hmotný 
610 2 0 |a majetok nehmotný 
610 2 0 |a správa verejná 
610 2 0 |a štandardy účtovné medzinárodné 
100 1 |a Krišková, Zuzana 
700 1 |a Kovalčíková, Antónia 
710 2 |a Fakulta hospodárskej informatiky EU. Katedra účtovníctva a audítorstva